000 00520nam a22001817a 4500
999 _c195313
_d195313
005 20230317115458.0
010 _aENG-136465
020 _a9781684668182
_c99.00
035 _aEN-119997
037 _bDBAD/PUB
082 _aN
100 _aJain, Neha
245 _aLove Or Life Choices :
_cBy Y Perelman
_bSome Relation Are Different /
260 _bNorton Press
_aChennai
_c2019
270 _aOld No. 38,New No 6.,McnicholsRoad, Chetpet
_bChennai
_e600031
300 _a70p.
_c20cm(pbk)
942 _2ddc
_cEN
_hN
_mNEH